[Event "Remote 4 Seasons Winter-B email"]
[Site "Remote email"]
[Date "2014.01.15"]
[Round "?"]
[White "Galje, Hans"]
[Black "Teske, Heike"]
[Result "1-0"]
[WhiteElo "2339"]
[BlackElo "2022"]
[PlyCount "43"]
[EventDate "2014.??.??"]
[EventType "tourn (corr)"]
[EventRounds "13"]
[EventCountry "GER"]
[SourceTitle "Corr 2015"]
[Source "ChessBase"]
[SourceDate "2015.07.17"]
[SourceVersion "1"]
[SourceVersionDate "2015.07.17"]
[SourceQuality "1"]

1. d4 d5 2. c4 e6 3. Nc3 Nf6 4. cxd5 exd5 5. Bg5 Bb4 6. e3 h6 7. Bh4 0-0 8. Bd3 c5 9. Nge2 c4 10. Bc2 Nc6 11. 0-0 Be7 12. a3 g5 13. Bg3 Be6 14. f4 a6 15. fxg5 hxg5 16. Qd2 b5 17. Rad1 Ra7 18. e4 Nxe4 19. Bxe4 dxe4 20. Qe3 Rd7 21. Qxe4 b4 22. d5 1-0

[Event "Remote 4 Seasons Winter-B email"]
[Site "Remote email"]
[Date "2014.01.15"]
[Round "?"]
[White "Teske, Heike"]
[Black "Koestner, Wolfgang"]
[Result "0-1"]
[WhiteElo "2022"]
[BlackElo "2389"]
[PlyCount "52"]
[EventDate "2014.??.??"]
[EventType "tourn (corr)"]
[EventRounds "13"]
[EventCountry "GER"]
[SourceTitle "Corr 2015"]
[Source "ChessBase"]
[SourceDate "2015.07.17"]
[SourceVersion "1"]
[SourceVersionDate "2015.07.17"]
[SourceQuality "1"]

1. e4 d5 2. exd5 Qxd5 3. Nc3 Qd6 4. Nf3 Nf6 5. d4 a6 6. Be3 b5 7. Bd3 Bb7 8. 0-0 Nbd7 9. Ng5 Qc6 10. d5 Nxd5 11. Be4 N7f6 12. Qf3 Qd6 13. Rfd1 c6 14. Bf5 e6 15. Bh3 h6 16. Nge4 Nxe4 17. Nxe4 Qc7 18. Rac1 c5 19. c4 Nxe3 20. Qxe3 b4 21. a3 a5 22. Qd3 Rd8 23. Qc2 Be7 24. Rxd8+ Bxd8 25. axb4 cxb4 26. c5 b3 0-1

[Event "Remote 4 Seasons Winter-B email"]
[Site "Remote email"]
[Date "2014.01.15"]
[Round "?"]
[White "Traut, Gerhard"]
[Black "Teske, Heike"]
[Result "1-0"]
[WhiteElo "2294"]
[BlackElo "2151"]
[PlyCount "53"]
[EventDate "2014.??.??"]
[EventType "tourn (corr)"]
[EventRounds "13"]
[EventCountry "GER"]
[SourceTitle "Corr 2015"]
[Source "ChessBase"]
[SourceDate "2015.07.17"]
[SourceVersion "1"]
[SourceVersionDate "2015.07.17"]
[SourceQuality "1"]

1. e4 e5 2. Nf3 Nc6 3. Bb5 Nf6 4. 0-0 Bc5 5. c3 0-0 6. d4 exd4 7. cxd4 Bb6 8. e5 Ne4 9. d5 Ne7 10. Qe2 f5 11. Nc3 Nxc3 12. bxc3 Nxd5 13. Bc4 c6 14. Ba3 Rf7 15. Rad1 h6 16. Rxd5 cxd5 17. Bxd5 Qe8 18. Qc4 g5 19. h4 g4 20. Qf4 gxf3 21. Qxh6 Qxe5 22. Qf8+ Kh7 23. Qxf7+ Qg7 24. Qxf5+ Qg6 25. Bg8+ Kg7 26. Bf8+ Kxg8 27. Qxg6+ 1-0

[Event "Remote S7E Adv email"]
[Site "Remote email"]
[Date "2013.12.14"]
[Round "?"]
[White "Schulz, Joerg Peter"]
[Black "Teske, Heike"]
[Result "1-0"]
[WhiteElo "2415"]
[BlackElo "2022"]
[PlyCount "123"]
[EventDate "2013.??.??"]
[EventType "tourn (corr)"]
[EventRounds "6"]
[EventCountry "GER"]
[SourceTitle "Corr 2015"]
[Source "ChessBase"]
[SourceDate "2015.07.17"]
[SourceVersion "1"]
[SourceVersionDate "2015.07.17"]
[SourceQuality "1"]

1. Nf3 d5 2. g3 Nc6 3. d4 Bg4 4. Bg2 e6 5. 0-0 Nf6 6. c4 Bd6 7. cxd5 Nxd5 8. a3 Qf6 9. Nbd2 Qd8 10. Qb3 Nb6 11. h3 Bf5 12. e4 Bg6 13. d5 exd5 14. exd5 Ne7 15. Nh4 0-0 16. Nxg6 fxg6 17. Ne4 a5 18. Bg5 a4 19. Qb5 h6 20. Nxd6 Qxd6 21. Be3 Qd7 22. Qxd7 Nxd7 23. Rfe1 Rf7 24. Rac1 Nf6 25. Rxc7 Nexd5 26. Rxf7 Kxf7 27. Bd4 Rd8 28. Bf1 g5 29. Bb5 Ra8 30. Rc1 Ke6 31. Be2 Kd6 32. Rc4 Re8 33. Bf3 b5 34. Rc2 h5 35. Be2 Rb8 36. Rc5 b4 37. Ra5 Re8 38. Kf1 bxa3 39. Ra6+ Ke7 40. Ra7+ Kf8 41. bxa3 h4 42. Bd3 Rd8 43. Bf5 Re8 44. gxh4 gxh4 45. Bc5+ Kg8 46. Rxa4 Kf7 47. Ra7+ Kg8 48. Bd4 Rd8 49. Be5 Re8 50. Bh2 Re7 51. Rxe7 Nxe7 52. Bd3 Kf7 53. a4 Nc6 54. Bb5 Nd4 55. Bc4+ Ke7 56. a5 Kd7 57. a6 Kc8 58. Kg2 Nd7 59. Bd5 Nb5 60. Bc6 Na7 61. Bb7+ Kd8 62. Kf3 1-0

[Event "Remote S7E Adv-138 email"]
[Site "Remote email"]
[Date "2013.12.14"]
[Round "?"]
[White "Teske, Heike"]
[Black "Schatz, Hans Dieter"]
[Result "1/2-1/2"]
[WhiteElo "2151"]
[BlackElo "2331"]
[PlyCount "50"]
[EventDate "2013.??.??"]
[EventType "tourn (corr)"]
[EventRounds "6"]
[EventCountry "GER"]
[SourceTitle "Corr 2015"]
[Source "ChessBase"]
[SourceDate "2015.07.17"]
[SourceVersion "1"]
[SourceVersionDate "2015.07.17"]
[SourceQuality "1"]

1. d4 e6 2. Nc3 d5 3. Bf4 Nf6 4. e3 c5 5. Nf3 Nc6 6. Nb5 cxd4 7. Nc7+ Kd7 8. Nxa8 Qa5+ 9. Nd2 e5 10. Bg3 dxe3 11. fxe3 Bd6 12. c4 Ke7 13. Be2 Ne4 14. cxd5 Nxd2 15. dxc6 bxc6 16. a3 Nb3+ 17. Kf2 Nxa1 18. Qxa1 f6 19. b4 Qd8 20. Bf3 Bb7 21. Qc3 Qxa8 22. Rf1 a5 23. bxa5 c5 24. Bxb7 Qxb7 25. Qc2 Qa6 1/2-1/2

[Event "Remote-ch 2011 email"]
[Site "Remote email"]
[Date "2013.12.10"]
[Round "3"]
[White "Tauscher, Karl"]
[Black "Teske, Heike"]
[Result "1-0"]
[WhiteElo "2408"]
[BlackElo "2151"]
[PlyCount "73"]
[EventDate "2013.??.??"]
[EventType "tourn (corr)"]
[EventRounds "6"]
[EventCountry "GER"]
[SourceTitle "Corr 2015"]
[Source "ChessBase"]
[SourceDate "2015.07.17"]
[SourceVersion "1"]
[SourceVersionDate "2015.07.17"]
[SourceQuality "1"]

1. c4 e5 2. Nc3 Nc6 3. g3 Nf6 4. Bg2 Bc5 5. e3 d6 6. Nge2 Bg4 7. h3 Bd7 8. d4 Bb6 9. 0-0 0-0 10. a3 a5 11. b3 Re8 12. Bb2 Qc8 13. Kh2 exd4 14. exd4 h6 15. Qd2 Bf5 16. Rae1 Qd7 17. g4 Bg6 18. f4 Rad8 19. f5 Bh7 20. Nf4 Rxe1 21. Rxe1 Re8 22. Ncd5 Rxe1 23. Nxf6+ gxf6 24. Qxe1 Bxf5 25. gxf5 Qxf5 26. Nd5 Kf8 27. Be4 Qe6 28. Nxb6 f5 29. d5 Qxe4 30. Qxe4 fxe4 31. dxc6 bxc6 32. Nd7+ Ke7 33. Nf6 e3 34. Kg2 d5 35. cxd5 e2 36. Kf2 cxd5 37. Nxd5+ 1-0

[Event "Remote S7E Adv-136 email"]
[Site "Remote email"]
[Date "2013.10.31"]
[Round "?"]
[White "Teske, Heike"]
[Black "Wittig, Frank"]
[Result "0-1"]
[WhiteElo "2156"]
[BlackElo "2338"]
[PlyCount "110"]
[EventDate "2013.??.??"]
[EventType "tourn (corr)"]
[EventRounds "6"]
[EventCountry "GER"]
[SourceTitle "Corr 2015"]
[Source "ChessBase"]
[SourceDate "2015.07.17"]
[SourceVersion "1"]
[SourceVersionDate "2015.07.17"]
[SourceQuality "1"]

1. Nf3 Nf6 2. Nc3 d5 3. d4 g6 4. g3 Bg7 5. Bg2 0-0 6. 0-0 Nc6 7. Ne5 a5 8. Bf4 Be6 9. Qd2 Nxe5 10. dxe5 Nh5 11. Bh6 Bxh6 12. Qxh6 c6 13. Bf3 Ng7 14. Rfd1 Qb6 15. Na4 Qc7 16. Qe3 Nf5 17. Qf4 f6 18. exf6 Qxf4 19. gxf4 Rxf6 20. e3 Nd6 21. Be2 Raf8 22. h4 Bh3 23. Nc5 e5 24. Bf1 Bxf1 25. Nd7 R6f7 26. Nxf8 Bh3 27. fxe5 Ne4 28. Nxh7 Rxh7 29. Rd4 Nc5 30. Kh2 Be6 31. Rg1 Bf5 32. f3 Bxc2 33. Rc1 Ne6 34. Rg4 Bf5 35. Ra4 g5 36. Kg3 d4 37. e4 gxh4+ 38. Kf2 Bg6 39. Rxa5 Rf7 40. Rg1 Kh7 41. Ra3 Rf4 42. Rg4 Rxg4 43. fxg4 Kh6 44. Ra8 Bxe4 45. Rg8 d3 46. Rh8+ Bh7 47. Re8 Nd4 48. Rd8 c5 49. Ke3 h3 50. g5+ Kxg5 51. Rh8 Kh6 52. Rf8 Nf5+ 53. Kxd3 h2 54. Rf6+ Kg7 55. Kc4 h1Q 0-1

[Event "Remote 4 Seasons Autumn-B email"]
[Site "Remote email"]
[Date "2013.10.15"]
[Round "?"]
[White "Teske, Heike"]
[Black "Preussner, Michael"]
[Result "0-1"]
[WhiteElo "2022"]
[BlackElo "2272"]
[PlyCount "92"]
[EventDate "2013.??.??"]
[EventType "tourn (corr)"]
[EventRounds "10"]
[EventCountry "GER"]
[SourceTitle "Corr 2015"]
[Source "ChessBase"]
[SourceDate "2015.07.17"]
[SourceVersion "1"]
[SourceVersionDate "2015.07.17"]
[SourceQuality "1"]

1. Nc3 e5 2. Nf3 Nc6 3. d4 exd4 4. Nxd4 Bc5 5. Be3 Bb6 6. Nxc6 bxc6 7. Bf4 d5 8. e3 Nf6 9. Bd3 Bg4 10. f3 Bd7 11. Na4 Nh5 12. Nxb6 axb6 13. Be5 Qg5 14. Bxc7 Qxg2 15. Rf1 Qg5 16. Qd2 Bh3 17. Rh1 0-0 18. Bxb6 Bg2 19. Rg1 Qh4+ 20. Kd1 Bxf3+ 21. Kc1 g6 22. Rf1 Be4 23. Bxe4 Qxe4 24. b3 f5 25. Qd4 Nf6 26. a4 Qg2 27. Kb2 Qxh2 28. Rh1 Qb8 29. Rag1 Rf7 30. a5 Qd6 31. Rh6 Ng4 32. Rhh1 Qf6 33. Qxf6 Rxf6 34. Rh3 h5 35. Bd4 Re6 36. b4 Kf7 37. c4 dxc4 38. Kc3 Ke7 39. Kxc4 Kd8 40. Bb6+ Kc8 41. Rd1 Nf6 42. Rg3 Ne4 43. Rd8+ Kb7 44. Rd7+ Ka6 45. Rh3 Nd6+ 46. Kb3 Rae8 0-1

[Event "Remote Federal-ch email"]
[Site "Remote email"]
[Date "2013.09.11"]
[Round "?"]
[White "Teske, Heike"]
[Black "Elschner, Gerald"]
[Result "1-0"]
[WhiteElo "2156"]
[BlackElo "2231"]
[PlyCount "93"]
[EventDate "2013.??.??"]
[EventType "swiss (corr)"]
[EventRounds "12"]
[EventCountry "GER"]
[SourceTitle "Corr 2015"]
[Source "ChessBase"]
[SourceDate "2015.07.17"]
[SourceVersion "1"]
[SourceVersionDate "2015.07.17"]
[SourceQuality "1"]

1. Nc3 d5 2. d4 Nc6 3. Nf3 Nf6 4. g3 Be6 5. Bg2 g6 6. Ng5 Bf5 7. Nxd5 Nxd5 8. e4 Ndb4 9. exf5 Nxd4 10. 0-0 Nxf5 11. Qf3 c6 12. Qc3 f6 13. Qxb4 Qb6 14. Qxb6 axb6 15. Ne6 Kf7 16. Re1 Bh6 17. Bxh6 Nxh6 18. Rad1 Rxa2 19. Nd8+ Rxd8 20. Rxd8 Rxb2 21. Rb8 Rxc2 22. Rxb7 Ng8 23. Rxb6 e5 24. Rxc6 Rxc6 25. Bxc6 Ne7 26. Bb5 Nf5 27. Ra1 Nd4 28. Bc4+ Kg7 29. h4 h5 30. Kg2 Kh6 31. Ra8 Nf5 32. Be6 Kg7 33. Ra7+ Kh6 34. Rf7 Nd6 35. Rxf6 Kg7 36. Rf3 e4 37. Rf4 Kh7 38. Bf7 Kg7 39. Bd5 Kh6 40. Rf6 Nf5 41. Bxe4 Kg7 42. Bxf5 Kxf6 43. Bb1 Kg7 44. g4 hxg4 45. Kg3 Kf7 46. Kxg4 Kf6 47. Bxg6 1-0

[Event "Remote S7E Pro-168 email"]
[Site "Remote email"]
[Date "2013.08.08"]
[Round "?"]
[White "Leisebein, Peter"]
[Black "Teske, Heike"]
[Result "1-0"]
[WhiteElo "2453"]
[BlackElo "2151"]
[PlyCount "109"]
[EventDate "2013.??.??"]
[EventType "tourn (corr)"]
[EventRounds "6"]
[EventCountry "GER"]
[SourceTitle "Corr 2015"]
[Source "ChessBase"]
[SourceDate "2015.07.17"]
[SourceVersion "1"]
[SourceVersionDate "2015.07.17"]
[SourceQuality "1"]

1. d4 d5 2. e4 dxe4 3. Nc3 f5 4. Bg5 Nf6 5. f3 a6 6. fxe4 Nxe4 7. Nxe4 fxe4 8. Ne2 g6 9. Qd2 Nc6 10. 0-0-0 Bg7 11. Bh6 Bxh6 12. Qxh6 Qd6 13. d5 Ne5 14. h3 Nf7 15. Qe3 0-0 16. Nc3 Qe5 17. Qxe4 Qxe4 18. Nxe4 b6 19. Nc3 Bb7 20. Bd3 Nd6 21. Rhe1 Rae8 22. Rd2 Rf4 23. a4 Kf7 24. Rde2 Rf6 25. Re3 c6 26. dxc6 Bxc6 27. g4 b5 28. axb5 axb5 29. b3 e6 30. Kb2 Re7 31. Re5 b4 32. Na2 Rf4 33. Rf1 Rxf1 34. Bxf1 Rb7 35. Rc5 Bd5 36. Ra5 Kg7 37. Be2 Ne4 38. Ra4 Rf7 39. Nxb4 Bxb3 40. Kxb3 Nc5+ 41. Ka3 Nxa4 42. Kxa4 Rf2 43. Bb5 Kf6 44. c4 Rh2 45. Ka5 Rxh3 46. c5 Rc3 47. Kb6 Ke5 48. Nd3+ Kd5 49. c6 e5 50. Nb2 Rc5 51. c7 e4 52. g5 e3 53. Be2 Rc6+ 54. Kb7 Rc2 55. Nc4 1-0

[Event "Remote S7E Pro-168 email"]
[Site "Remote email"]
[Date "2013.08.08"]
[Round "?"]
[White "Teske, Heike"]
[Black "Tauscher, Karl"]
[Result "1/2-1/2"]
[WhiteElo "2156"]
[BlackElo "2411"]
[PlyCount "89"]
[EventDate "2013.??.??"]
[EventType "tourn (corr)"]
[EventRounds "6"]
[EventCountry "GER"]
[SourceTitle "Corr 2015"]
[Source "ChessBase"]
[SourceDate "2015.07.17"]
[SourceVersion "1"]
[SourceVersionDate "2015.07.17"]
[SourceQuality "1"]

1. d4 Nf6 2. Nf3 e6 3. c4 b5 4. cxb5 a6 5. e3 axb5 6. Bxb5 c5 7. 0-0 Bb7 8. Nc3 cxd4 9. exd4 Be7 10. a4 0-0 11. Be3 Na6 12. Ne5 Nc7 13. h3 Nxb5 14. axb5 Rxa1 15. Qxa1 Qc7 16. Rc1 Ra8 17. Qb1 Qd8 18. Qc2 Rc8 19. Ra1 d6 20. Ra7 Ba8 21. Nd3 Nd5 22. Qa4 Nxe3 23. fxe3 Bg5 24. Nf4 h6 25. b6 Rb8 26. Qb5 Bb7 27. Qb4 Qd7 28. Kh2 Bxf4+ 29. exf4 Qc6 30. d5 exd5 31. Qd4 Qc5 32. Qxc5 dxc5 33. Ra5 d4 34. Na4 c4 35. Rc5 Ba6 36. Kg3 Rd8 37. Rc7 d3 38. Kf2 d2 39. Nc3 d1Q 40. Nxd1 Rd6 41. b7 Bxb7 42. Rxb7 Rxd1 43. Rb8+ Kh7 44. b4 cxb3 45. Rxb3 1/2-1/2

[Event "Remote S7E Pro email"]
[Site "Remote email"]
[Date "2013.07.21"]
[Round "?"]
[White "Traut, Gerhard"]
[Black "Teske, Heike"]
[Result "1-0"]
[WhiteElo "2270"]
[BlackElo "2176"]
[PlyCount "95"]
[EventDate "2013.??.??"]
[EventType "tourn (corr)"]
[EventRounds "6"]
[EventCountry "GER"]
[SourceTitle "Corr 2015"]
[Source "ChessBase"]
[SourceDate "2015.07.17"]
[SourceVersion "1"]
[SourceVersionDate "2015.07.17"]
[SourceQuality "1"]

1. d4 d5 2. c4 e6 3. Nc3 Nf6 4. Nf3 Nc6 5. Bg5 dxc4 6. e4 h6 7. Bxf6 Qxf6 8. Bxc4 Bd7 9. a3 g5 10. d5 exd5 11. Nxd5 Qd6 12. Qb3 0-0-0 13. Rc1 g4 14. Nd2 Bg7 15. Be2 Be6 16. Nc4 Qd7 17. Qd1 Rhe8 18. Nce3 Bxb2 19. Rb1 Bd4 20. 0-0 Bxe3 21. fxe3 Bxd5 22. exd5 Qxd5 23. Qxd5 Rxd5 24. Bxg4+ Kd8 25. Rxb7 f5 26. Bf3 Rd6 27. Bxc6 Rxc6 28. Rb8+ Ke7 29. Rxe8+ Kxe8 30. Rxf5 Ra6 31. Rh5 Rxa3 32. Rxh6 Rxe3 33. Ra6 Re1+ 34. Kf2 Rh1 35. h3 Kd7 36. Rxa7 Kd6 37. Ra3 Rc1 38. g4 Ke5 39. Re3+ Kf6 40. h4 Rh1 41. Kg3 c5 42. g5+ Kg6 43. Re6+ Kf5 44. Rf6+ Ke5 45. Kg4 c4 46. Kh5 Rg1 47. Rc6 Kd5 48. Rc8 1-0

[Event "Remote S7E Adv-134 email"]
[Site "Remote email"]
[Date "2013.07.09"]
[Round "?"]
[White "Muster, Wolfgang"]
[Black "Teske, Heike"]
[Result "0-1"]
[WhiteElo "2264"]
[BlackElo "2176"]
[PlyCount "68"]
[EventDate "2013.??.??"]
[EventType "tourn (corr)"]
[EventRounds "6"]
[EventCountry "GER"]
[SourceTitle "Corr 2015"]
[Source "ChessBase"]
[SourceDate "2015.07.17"]
[SourceVersion "1"]
[SourceVersionDate "2015.07.17"]
[SourceQuality "1"]

1. d4 d5 2. c4 Nf6 3. Nf3 e6 4. Nc3 Nc6 5. Bg5 Be7 6. e3 h6 7. Bh4 0-0 8. Rc1 a5 9. Qc2 b6 10. a3 Bb7 11. Bg3 dxc4 12. Bxc4 Bd6 13. Bh4 Ne7 14. Bxf6 gxf6 15. e4 Ng6 16. 0-0 f5 17. Rfe1 Kg7 18. g3 f4 19. Nb5 Rc8 20. Qc3 Kg8 21. Ba2 Qd7 22. Na7 Ra8 23. Nc6 Qxc6 24. Qxc6 Bxc6 25. Rxc6 fxg3 26. hxg3 Ne7 27. Rcc1 c5 28. e5 Bc7 29. dxc5 Rac8 30. c6 Bb8 31. Nd4 Rfd8 32. Nxe6 fxe6 33. Bxe6+ Kf8 34. Kg2 Rxc6 0-1

[Event "Remote 4 Seasons Summer email"]
[Site "Remote email"]
[Date "2013.07.01"]
[Round "?"]
[White "Preussner, Michael"]
[Black "Teske, Heike"]
[Result "1/2-1/2"]
[WhiteElo "2279"]
[BlackElo "2176"]
[PlyCount "47"]
[EventDate "2013.??.??"]
[EventType "tourn (corr)"]
[EventRounds "10"]
[EventCountry "GER"]
[SourceTitle "Corr 2015"]
[Source "ChessBase"]
[SourceDate "2015.07.17"]
[SourceVersion "1"]
[SourceVersionDate "2015.07.17"]
[SourceQuality "1"]

1. d4 d5 2. e4 dxe4 3. Nc3 f5 4. f3 Nf6 5. Bg5 g6 6. Qd2 Nc6 7. 0-0-0 Bg7 8. d5 Ne5 9. Bxf6 Bxf6 10. fxe4 0-0 11. Be2 b5 12. Nf3 b4 13. Nb5 a6 14. d6 Nxf3 15. gxf3 axb5 16. Qd5+ Kg7 17. Qxa8 cxd6 18. Qd5 Qb6 19. Kb1 Bb7 20. Qxb5 Qxb5 21. Bxb5 fxe4 22. fxe4 Bxe4 23. Rhf1 d5 24. Bd3 1/2-1/2

[Event "Remote-ch Class3 email"]
[Site "Remote email"]
[Date "2013.04.01"]
[Round "?"]
[White "Mohand Oussaid, Malik"]
[Black "Teske, Heike"]
[Result "0-1"]
[WhiteElo "1960"]
[BlackElo "2176"]
[PlyCount "74"]
[EventDate "2013.??.??"]
[EventType "tourn (corr)"]
[EventRounds "6"]
[EventCountry "GER"]
[SourceTitle "Corr 2015"]
[Source "ChessBase"]
[SourceDate "2015.07.17"]
[SourceVersion "1"]
[SourceVersionDate "2015.07.17"]
[SourceQuality "1"]

1. Nf3 d5 2. d4 Nf6 3. c4 Nc6 4. e3 g6 5. Nc3 Bg7 6. Bd3 0-0 7. 0-0 Nb4 8. Be2 dxc4 9. Bxc4 Nbd5 10. Bd2 Nxc3 11. Bxc3 Ne4 12. Bb4 a5 13. Be1 c5 14. Rc1 cxd4 15. exd4 Bg4 16. h3 Bxf3 17. Qxf3 Qxd4 18. Qe2 Qxb2 19. Rc2 Qd4 20. Kh1 Rfc8 21. Bb3 a4 22. Rxc8+ Rxc8 23. Bc2 Nd2 24. Bxd2 Rxc2 25. Rd1 Rxa2 26. Qe1 Qe5 27. Be3 h5 28. Qb4 Ra1 29. Bc1 Bh6 30. Qc4 Bxc1 31. Rxc1 a3 32. f4 Rxc1+ 33. Qxc1 Qb2 34. Qc8+ Kg7 35. f5 a2 36. fxg6 a1Q+ 37. Kh2 Qe5+ 0-1

[Event "Remote S7E Pro-162 email"]
[Site "Remote email"]
[Date "2013.02.13"]
[Round "?"]
[White "Leisebein, Peter"]
[Black "Teske, Heike"]
[Result "1-0"]
[WhiteElo "2398"]
[BlackElo "2228"]
[PlyCount "105"]
[EventDate "2013.??.??"]
[EventType "tourn (corr)"]
[EventRounds "6"]
[EventCountry "GER"]
[SourceTitle "Corr 2015"]
[Source "ChessBase"]
[SourceDate "2015.07.17"]
[SourceVersion "1"]
[SourceVersionDate "2015.07.17"]
[SourceQuality "1"]

1. d4 Nf6 2. f3 d5 3. e4 e6 4. e5 Nfd7 5. c3 c5 6. f4 Be7 7. Nf3 Nc6 8. Bd3 Qb6 9. 0-0 cxd4 10. Kh1 dxc3 11. Nxc3 Nc5 12. Be3 Qxb2 13. Nb5 Nxd3 14. Qxd3 0-0 15. a3 Bd7 16. Rfb1 Nxe5 17. Nxe5 Bxb5 18. Qxb5 Qxb5 19. Rxb5 b6 20. a4 Rfc8 21. a5 f6 22. Nf3 Bc5 23. Bg1 h6 24. h4 Rab8 25. axb6 Bxb6 26. Bxb6 axb6 27. Ra6 Rc4 28. Rbxb6 Rxb6 29. Rxb6 Kf7 30. g3 h5 31. Ra6 Rc1+ 32. Kg2 Rc2+ 33. Kg1 Rc1+ 34. Kf2 Rc2+ 35. Kf1 Rc3 36. Ra7+ Kg6 37. Ke2 Rc2+ 38. Nd2 Rc3 39. Nf1 Rc2+ 40. Kd1 Rc6 41. Rd7 f5 42. Nd2 Rc3 43. Ke2 Rxg3 44. Nf3 Rg2+ 45. Ke3 Rb2 46. Ng5 Rb6 47. Ra7 d4+ 48. Kxd4 Rb5 49. Ra6 Kh6 50. Nxe6 g6 51. Ra7 Rb8 52. Ke5 Rc8 53. Rf7 1-0

[Event "Remote S7E Pro-162 email"]
[Site "Remote email"]
[Date "2013.02.13"]
[Round "?"]
[White "Teske, Heike"]
[Black "Vehlow, Burkhard"]
[Result "1/2-1/2"]
[WhiteElo "2228"]
[BlackElo "2249"]
[PlyCount "68"]
[EventDate "2013.??.??"]
[EventType "tourn (corr)"]
[EventRounds "6"]
[EventCountry "GER"]
[SourceTitle "Corr 2015"]
[Source "ChessBase"]
[SourceDate "2015.07.17"]
[SourceVersion "1"]
[SourceVersionDate "2015.07.17"]
[SourceQuality "1"]

1. d4 Nf6 2. Nf3 e6 3. Nc3 Bb4 4. Bd2 b6 5. e3 Bb7 6. Bd3 d5 7. Qe2 c5 8. Bb5+ Nbd7 9. a3 Bxc3 10. Bxc3 0-0 11. Nd2 a6 12. Bxd7 Nxd7 13. Qg4 Qe7 14. dxc5 f5 15. Qg3 bxc5 16. f4 Nf6 17. 0-0-0 Rac8 18. Bxf6 Rxf6 19. Nf3 c4 20. c3 Bc6 21. Rd2 Be8 22. Ne5 Rb8 23. Qf3 Qc7 24. Rf1 Qb7 25. Kb1 Rh6 26. h3 Qc7 27. Ka1 Bh5 28. g4 Bg6 29. Qg3 a5 30. g5 Rh5 31. Qf3 Be8 32. Rg1 Bg6 33. Rd4 Be8 34. Re1 Rb3 1/2-1/2